000 01633nam a2200337 i 4500
001 000017817
003 DO-SdBNP
005 20260415174539.0
007 ta
008 100406s 2002 dr ac 000 0bspa d
020 _a9993476420
040 _aDO-SdBNP
_bspa
_cBNPHU
_erda
082 4 _aBNPHU 923.57293
_bF363I
_222
245 0 0 _aIdeario del coronel Fernández Domínguez 1934-1965 /
_ccompilador Héctor Lachapelle Díaz ; prólogo Mariano Lebrón Saviñón.
264 _aSanto Domingo :
_bAlfa y Omega,
_c2002.
300 _a188 páginas :
_bilustraciones, retratos ;
_c24 cm.
336 _2rdacontent
_atexto
_btxt
337 _2rdamedia
_asin mediación
_bn
338 _2rdacarrier
_avolumen
_bnc
500 _aIncluye índice onomástico.
500 _aIncluye referencias bibliográficas y notas al pie de las páginas.
505 0 _aDecisión -- Los yanquis -- La historia -- La fe -- La esperanza -- La libertad -- Las leyes -- Militares -- Policía nacional -- Patriotismo -- Deber, honor, moral -- La victoria -- La verdad -- Justicia -- Meditaciones -- El pueblo -- Religión -- Honradez -- Experiencia -- Traición -- El trabajo -- Relaciones internacionales -- Estudios -- El ahorro -- La muerte --
590 _aInventariado, 2019/LP
600 1 0 _aFernández Domínguez, Rafael Tomás,
_d1934-1965
_919048
650 0 _a
_912155
651 4 _aRepública Dominicana
_xHistoria
_yRevolución, 1965
_92167
700 1 _aLachapelle Díaz, Héctor,
_d1939-
_ecompilador
_938713
700 1 _aLebrón Saviñon, Mariano
_d1922-2014
_eprólogo
_97227
910 _aValidado. Control de calidad MMOLINA
942 _2ddc
_cLBS1
999 _c17341
_d17341